LEADER 02127oam 2200493 450 001 9910824550603321 005 20240131143000.0 010 $a1-135-10417-4 010 $a0-203-07357-6 010 $a1-283-87133-5 010 $a1-135-10418-2 024 7 $a10.4324/9780203073575 035 $a(OCoLC)822018726 035 $a(MiFhGG)GVRL8PNT 035 $a(EXLCZ)992550000000709628 100 $a20120705d2013 uy 0 101 0 $aeng 135 $aurun|---uuuua 181 $ctxt 182 $cc 183 $acr 200 10$aCritical terrorism studies $ean introduction to research methods /$fJacob L. Stump and Priya Dixit 210 1$aAbingdon, Oxon :$cRoutledge,$d2013. 215 $a1 online resource (xiii, 193 pages) $cillustrations 225 0 $aGale eBooks 300 $aDescription based upon print version of record. 311 $a0-415-62047-3 311 $a0-415-62046-5 320 $aIncludes bibliographical references and index. 327 $apt. I. The history and transdisciplinarity of (critical) terrorism studies -- pt. II. Methods for doing critical terrorism studies. 330 $aThis book is an introduction to critical approaches to terrorism studies. While there is a growing body of Critical Terrorism Studies (CTS) literature devoted to empirical examples and conceptual development, very little has been written about how to systematically carry out this kind of research. Critical Terrorism Studies fills this gap by addressing three key themes:The position of terrorism studies and critical terrorism studies in the discipline of International Relations (IR)Theoretical and methodological elaborations of cr 606 $aTerrorism$xResearch$xMethodology 606 $aTerrorism$xStudy and teaching 615 0$aTerrorism$xResearch$xMethodology. 615 0$aTerrorism$xStudy and teaching. 676 $a363.325072 700 $aStump$b Jacob L.$01647270 702 $aDixit$b Priya 801 0$bMiFhGG 801 1$bMiFhGG 906 $aBOOK 912 $a9910824550603321 996 $aCritical terrorism studies$93994740 997 $aUNINA LEADER 02985oam 2200577 c 450 001 9910563056203321 005 20250828192939.0 024 7 $a10.3726/b12722 035 $a(CKB)4340000000238949 035 $a(oapen)https://directory.doabooks.org/handle/20.500.12854/26577 035 $a(PH02)9783954796298 035 $a(oapen)doab26577 035 $a(EXLCZ)994340000000238949 100 $a20240525d2005 uy 0 101 0 $ager 135 $aurnnunnnannuu 181 $ctxt$2rdacontent 182 $cc$2rdamedia 183 $acr$2rdacarrier 200 14$aDie tschechischen Kontaktwörter in der slovakischen Sprachpraxis und in der zeitgenössischen Slovakistik$fMartina Gazdi?kova? 205 $a1st, New ed. 210 $aFrankfurt a.M$cPH02$d2005 215 $a1 online resource (339 p.)$c, EPDF 225 0 $aSlavistische Beitra?ge$v440 300 $aPeter Lang GmbH, Internationaler Verlag der Wissenschaften 311 08$a3-95479-629-5 327 $aSlovakisch-tschechischer Sprachkontakt im historischen Kontext - Tschechische Kontakterscheinungen im Slovakischen - Identifizierung der Kontaktwo?rter - Kontaktwo?rter in der Kodifikation - Kontaktwo?rter in der Pressesprache - Soziolinguistische Umfrage - Internet 330 $aDie vorliegende Arbeit setzt sich mit den Wo?rtern im Slovakischen auseinander, die als "Tschechismen" bzw. als "tschechische Kontaktwo?rter" gelten. Damit geht sie auf eines der brisantesten Themen in der Slovakistik ein. Sie untersucht den heutigen normativen Status der genannten Wo?rter und seine Vera?nderungen nach dem gesellschaftlich-politischen Umbruch am Ende der 80er und zu Beginn der 90er Jahre. Sie geht sodann der Frage nach, wie die aktuelle normativistische Be- bzw. Abwertung dieser Wo?rter in der Sprachpraxis befolgt wird. Die empirische Untersuchung konzentriert sich auf die Pressesprache. Die Ergebnisse der soziolinguistischen Umfrage und exemplarische Auszu?ge aus Internetforen veranschaulichen, welche Haltung die slovakischen Sprecher zu den untersuchten Wo?rtern einnehmen. Die Arbeit entha?lt daru?ber hinaus einen historischen U?berblick zum slovakisch-tschechischen Sprachkontakt und einen Index von ca. 1.800 lexikalischen Einheiten. 606 $alinguistics$2bicssc 610 $aSlovak words 610 $asociolinguistics 610 $aAuflösung der Tschechoslovakei 610 $aGazdíková 610 $aKontaktwörter 610 $aKontaktwörter in der Pressesprache 610 $aoffizielle Sprachpraxis 610 $aslovakisch 610 $aslovakischen 610 $aslovakisch-tschechischer Sprachkontakt 610 $aSlovakistik 610 $aSprachpraxis 610 $atschechischen 610 $aWortbildung 610 $azeitgenössischen 615 7$alinguistics 700 $aGrc?evic?$b Martina$f1974-,$4aut 801 0$bPH02 801 1$bPH02 906 $aBOOK 912 $a9910563056203321 997 $aUNINA